000 00454nam a2200181Ia 4500
008 230125s9999 xx 000 0 und d
041 _aeng
082 _a651.3
_bJOS
100 _aJoshi P M
_9114737
245 _aOffice Management
260 _c1990
_bSuvichar prakashan mandal
_aPune
300 _a160p
500 _aOffice management
500 _aOffice Management
650 _aManagement
700 _aJoshi P M
_9114737
999 _c92304
_d92304